000 00853nam a2200193Ii 4500
003 JO-AjNU
008 230605s9999||||xx |||||||||||||| ||und||
040 _aJO-AjNU
_bara
_erda
_cJO-AjNU
041 _aara
050 1 4 _aDT93.I27
100 3 _aابن دقمان، إبراهيم بن محمد بن أيدمر العلائي؛ تحقيق لجنة إحياء التراث العربي,
_eauthor
_99319
245 0 0 _aكتاب الانتصار لواسطة عقد الامصار في تاريخ مصر وجغرافيتها
264 3 1 _aبيروت: دار الافاق الجديدة
300 _a127ص
_bيشتمل على فهارس الاعلام والاماكن من ص(1-111 )
336 _atext
_btxt
_2rdacontent
337 _aunmediated
_bn
_2rdamedia
338 _avolume
_bnc
_2rdacarrier
650 4 _aمصر -تاريخ - جغرافيا
_99320
999 _aA1238
_c4806
_d4806